| 000 | 01513cam a2200205 4500 | ||
|---|---|---|---|
| 001 | J122490 | ||
| 008 | 030530n2001 000 0 eng u | ||
| 035 | _a(Sirsi) u122490 | ||
| 041 | _aeng | ||
| 050 |
_a333.332 _c18 |
||
| 110 |
_aUnited Kingdom _bOffice of the Deputy Prime Minister |
||
| 245 |
_aRegulatory impact assessment _bMarketing of Residential Property Regulations |
||
| 260 |
_aLondon _bODPM _c2001 |
||
| 520 | _aConsiders the impact of proposed new legislation to require sellers of residential property to provide a standard pack of information before marketing a property for sale, and to make this home information pack, including a home condition survey report, available to prospective buyers. The proposed new legal duty will affect estate agents, house builders and others marketing the sale of residential property and will also effect on the surveyors, solicitors and licensed conveyancers, mortgage lenders, local authorities and water companies. The assessment forms a part of the OPDM home buying and selling policy website which outlines the development of the Housing Bill and Home Information Packs. View at www.dclg.gov.uk. | ||
| 650 | _aPROPERTY-RESIDENTIAL PROPERTY-ACQUISITION AND DISPOSAL OF RESIDENTIAL PROPERTY | ||
| 650 | _aHOME INFORMATION PACKS | ||
| 690 | _aPROPERTY AND LAND LAW-CONVEYANCING | ||
| 856 |
_uhttps://www.communities.gov.uk/archived/publications/housing/buyerssellers _zView the full document free of charge at communities.gov.uk website. |
||
| 942 | _n0 | ||
| 999 |
_c102864 _d102864 |
||